000
00353nam a2200157Ia 4500
100
_a
Ling Li
650
_a
Supply Chain Management
942
_c
RB
366
_f
20
654
_a
supply chain management
245
_a
Supply Chain Management
260
_b
Taylor and francis
_c
2006
082
_a
671.82/LIN
_b
LIN
546
_a
ENGLISH
999
_c
24387
_d
24387